Prvé skúsenosti z budovania JRD

Uložené v:
Podrobná bibliografia
Médium: Kniha
Jazyk:Slovak
Vydavateľské údaje: Bratislava Oráč 1950
Tagy: Pridať tag
Žiadne tagy, Buďte prvý, kto otaguje tento záznam!

MARC

LEADER 00000nam a2200000 4500
001 0308488
005 20250506115347.5
041 0 |a slo 
044 |a SK 
245 1 0 |a Prvé skúsenosti z budovania JRD 
264 1 |a Bratislava  |b Oráč  |c 1950